Voc. sur le temps en polonais - Statistiques

Statistiques générales
  • Ce quiz a été pris 12 fois
  • Le résultat moyen est 15 sur 19
Statistiques - réponses
Hint Réponse % Correct
demain jutro
100%
l'heure godzina
91%
nuit noc
91%
l'année rok
91%
samedi sobota
91%
le mois miesiac / miesiąc.
82%
dimanche niedziela
82%
lundi ponedzialek / poniedziałek
82%
mercredi sroda / środa
82%
mardi wtorek
82%
jeudi czwartek
73%
aujourd'hui dzisiaj
73%
vendredi piatek / piątek
73%
minuit Polnoc / północ
73%
matin rano
73%
la semaine tydzien / tydzień
73%
hier wczoraj
73%
soir wieczor / wieczór
73%
apres midi popoludnie / popołudnie
64%
Aucun quiz correspondant
Distribution des résultats
% des personnes avec chaque résultat
Percentile par nombre de réponses
Votre historique - résultats
Vous n’avez pas pris ce quiz